Music Quiz

Random Music or Clickable Quiz

How'd They Meet? (Music) Quiz Stats

Quiz Updated Mar 20, 2013

Challenge
Share
Tweet
Embed
Score 0/20 Timer 05:00
1 Play Today
% Correct
Spice Girls
95.5%
The Beatles
95%
The Rolling Stones
92.8%
Backstreet Boys
89.2%
Nirvana
85.8%
Bee Gees
85%
Kiss
82.8%
Led Zeppelin
81.4%
Red Hot Chili Peppers
79.9%
Van Halen
74.8%
% Correct
Queen
72%
Metallica
71.6%
Aerosmith
69.8%
The Doors
69%
Eagles
67.5%
Mötley Crüe
67.1%
R.E.M.
64.6%
Chicago
63.5%
Pearl Jam
59.4%
U2
47.7%

You're not logged in!

Compare scores with friends on all Sporcle quizzes.
Sign Up with Email
OR
Log In

You Might Also Like...

Show Comments

Extras

Top Quizzes Today


Score Distribution

Your Account Isn't Verified!

In order to create a playlist on Sporcle, you need to verify the email address you used during registration. Go to your Sporcle Settings to finish the process.